| 000 | 00551nam a22001817a 4500 | ||
|---|---|---|---|
| 003 | CEME | ||
| 005 | 20210628204055.0 | ||
| 008 | 210105b xxu||||| |||| 00| 0 eng d | ||
| 020 | _a9693506626 | ||
| 040 | _cceme | ||
| 082 | _a891.4391 IQB | ||
| 100 |
_aDr Muhammad Iqbal _929806 |
||
| 245 | _aKuliyat-e-iqbal | ||
| 260 |
_aLAHORE _bSANG-E-MEEL PUB _c2009 |
||
| 300 | _a232P | ||
| 650 |
_aURDU POETRY-KULIYAT-E-IQBAL. IQBAL-BANGEDARA.IQBAL-BALEY JIBRAEEL. IQBAL-ZERB-E-KALEEM.IQBAL-ARMAGANE-E-HIJAZ.IQBAL-BOOKS.IQBALIAT _968595 |
||
| 942 |
_cBK _2ddc |
||
| 999 |
_c576128 _d576128 |
||